Представление документа в формате RUSMARC

ПолеНазваниеЗначение
  Тип записи a
  Библиографический уровень m
001 Контрольный номер RU/УОНБ/EK/644071610
005 Дата корректировки 20260401105944.9
010 Индекс ISBN __
a ISBN 5-217-00717-6
d Цена 5 р. 80 к.
9 Тираж 930 экз.
b Уточнения в пер.
100 Данные общей обработки __
a Данные общей обработки 20200529d1990 u y0rusy0189||||ca
101 Язык документа 0_
a Язык текста rus
102 Страна публикации __
a Страна публикации RU
105 Кодированные данные (монография) __
a Кодированные данные (монография) a z 001yy
200 Заглавие и сведения об ответственности 1_
a Заглавие Новое в технологии получения материалов
d Параллельное заглавие New trends in materials technology
f Первые сведения об ответственности [И.А. Манохин и др. (СССР), В. Дитрих и др. (ФРГ)]
g Последующие сведения об ответственности под ред. Ю.А. Осипьяна (СССР), А. Хауффа (ФРГ)
210 Выходные данные 1_
a Место издания Москва
c Издательство Машиностроение
210 Выходные данные 1_
a Место издания Ханау
c Издательство Лейболд
d Дата издания 1990
215 Физическое описание __
a Объем 443 с.
c Иллюстрации/тип воспроизводства ил.
d Формат 22 см
300 Общие примечания __
a Общие примечания Авт. указаны на обороте тит. л.
320 Библиография __
a Библиография Библиогр.: с. 430-443
606 Тематические рубрики 0_
a Основная рубрика Металлургия
610 Ключевые слова 0_
a Ключевые слова металлургия
675 Индекс УДК __
a Индекс УДК 6П3.3
675 Индекс УДК __
a Индекс УДК 6П4.1
686 Индексы других классификаций __
a Классификационный индекс 34.39
2 Код системы rubbk
686 Индексы других классификаций __
a Классификационный индекс 34.61
2 Код системы rubbk
701 Альтернативная интеллектуальная ответственность _1
a Фамилия Манохин
b Имя (инициалы) И.А.
701 Альтернативная интеллектуальная ответственность _1
a Фамилия Дитрих
b Имя (инициалы) В.
701 Альтернативная интеллектуальная ответственность _1
a Фамилия Манохин
b Имя (инициалы) И.А.
701 Альтернативная интеллектуальная ответственность _1
a Фамилия Дитрих
b Имя (инициалы) В.
702 Вторичная интеллектуальная ответственность _1
a Фамилия Осипьян
b Имя (инициалы) Ю.А.
4 Код отношения 340
702 Вторичная интеллектуальная ответственность _1
a Фамилия Хауфф
b Имя (инициалы) А.
4 Код отношения 340
801 Источник записи _0
a Страна RU
b Организация Ульяновская ОНБ
c Дата составления 20200529
g Правила каталогизации RCR
801 Источник записи _1
a Страна RU
b Организация Ульяновская ОНБ
c Дата составления 20200529
901 Тип документа __
t Тип документа m
909 Создатель записи __
a Создатель записи Беляева
938 Служебная информация __
a Имя БД retro
b Имя библиотеки УОНБ
c Имя АИБС МАРК-SQL
d Номер DOC_ID в БД 331857